| 000 | 01373nam a2200349Ia 4500 | ||
|---|---|---|---|
| 001 | ebr10185411 | ||
| 003 | CaPaEBR | ||
| 006 | m u | ||
| 007 | cr cn||||||||| | ||
| 008 | 891221s1989 ncu sb 000 0 eng d | ||
| 020 | _z9781932973396 | ||
| 020 | _z091287936X | ||
| 040 |
_aCaPaEBR _cCaPaEBR |
||
| 035 | _a(OCoLC)232160346 | ||
| 050 | 1 | 4 |
_aHF5500.2 _b.L84 1989eb |
| 082 | 0 | 4 |
_a658.4/07124 _220 |
| 100 | 1 | _aLombardo, Michael M. | |
| 245 | 1 | 0 |
_aPreventing derailment _h[electronic resource] : _bwhat to do before it's too late / _cMichael M. Lombardo, Robert W. Eichinger. |
| 260 |
_aGreensboro, N.C. : _bCenter for Creative Leadership, _cc1989. |
||
| 300 | _avii, 49 p. | ||
| 504 | _aIncludes bibliography: p. 59. | ||
| 533 |
_aElectronic reproduction. _bPalo Alto, Calif. : _cebrary, _d2009. _nAvailable via World Wide Web. _nAccess may be limited to ebrary affiliated libraries. |
||
| 650 | 0 | _aCareer plateaus. | |
| 650 | 0 | _aExecutive ability. | |
| 650 | 0 | _aPersonnel management. | |
| 655 | 7 |
_aElectronic books. _2local |
|
| 700 | 1 | _aEichinger, Robert W. | |
| 710 | 2 | _aCenter for Creative Leadership. | |
| 710 | 2 | _aebrary, Inc. | |
| 830 | 0 |
_aTechnical report (Center for Creative Leadership) ; _vno. 138. |
|
| 856 | 4 | 0 |
_uhttp://site.ebrary.com/lib/rucke/Doc?id=10185411 _zAn electronic book accessible through the World Wide Web; click to view |
| 999 |
_c145030 _d145030 |
||